Las antiguas rifas barcelonesas (Record no. 183267)
[ view plain ]
| 000 -LEADER | |
|---|---|
| campo de control de longitud fija | 00943nam a2200253 i 4500 |
| 001 - NÚMERO DE CONTROL | |
| campo de control | 183267 |
| 003 - IDENTIFICADOR DE NÚMERO DE CONTROL | |
| campo de control | ES-MaACL |
| 005 - FECHA Y HORA DE LA ÚLTIMA TRANSACCIÓN | |
| campo de control | 20230906221841.0 |
| 008 - DATOS DE LONGITUD FIJA--INFORMACIÓN GENERAL | |
| campo de control de longitud fija | 140204s1946 sp |||| | spa d |
| 080 ## - NÚMERO DE LA CLASIFICACIÓN DECIMAL UNIVERSAL | |
| Número de la Clasificación Decimal Universal | 39(460.235 B.) |
| 080 ## - NÚMERO DE LA CLASIFICACIÓN DECIMAL UNIVERSAL | |
| Número de la Clasificación Decimal Universal | 795.3 |
| 100 1# - ENTRADA PRINCIPAL--NOMBRE DE PERSONA | |
| Nombre de persona | Dalmau, Antonio R. |
| 9 (RLIN) | 154366 |
| 245 14 - MENCIÓN DEL TÍTULO | |
| Título | Las antiguas rifas barcelonesas |
| Resto del título | : su origen, esplendor y desaparición / |
| Mención de responsabilidad, etc. | por Antonio R. Dalmau ; obra ilustrada con... documentos gráficos... y con dibujos de J. Mur. |
| 260 ## - PUBLICACIÓN, DISTRIBUCIÓN, ETC. | |
| Lugar de publicación, distribución, etc. | Barcelona : |
| Nombre del editor, distribuidor, etc. | Librería Millá, |
| Fecha de publicación, distribución, etc. | 1946. |
| 300 ## - DESCRIPCIÓN FÍSICA | |
| Extensión | 72 p., [6 h. de lám.] : |
| Otras características físicas | il. ; |
| Dimensiones | 22 cm. |
| 490 1# - MENCIÓN DE SERIE | |
| Mención de serie | Monografías históricas de Barcelona ; |
| Designación de volumen o secuencia | 10 |
| 500 ## - NOTA GENERAL | |
| Nota general | 6 hoj. en papel de color. |
| 650 #4 - PUNTO DE ACCESO ADICIONAL DE MATERIA--TÉRMINO DE MATERIA | |
| Término de materia o nombre geográfico como elemento de entrada | Rifas- |
| Subdivisión geográfica | Barcelona. |
| 9 (RLIN) | 154368 |
| 651 #4 - PUNTO DE ACCESO ADICIONAL DE MATERIA--NOMBRE GEOGRÁFICO | |
| Nombre geográfico | Barcelona- |
| Subdivisión general | Usos y costumbres. |
| 9 (RLIN) | 154369 |
| 700 1# - ENTRADA AGREGADA--NOMBRE PERSONAL | |
| Nombre de persona | Mur, J. |
| 9 (RLIN) | 154370 |
| 830 0# - PUNTO DE ACCESO ADICIONAL DE SERIE-TÍTULO UNIFORME | |
| Título uniforme | Monografías históricas de Barcelona ; |
| Designación de volumen o secuencia | 10 |
| 9 (RLIN) | 191895 |
| 852 ## - LOCALIZACIÓN | |
| Ubicación | ES-MaACL |
| Número de control de estantería | E-4178 |
| Estatus retirado | Estado de pérdida | Estado de daño | No para préstamo | Biblioteca de origen | Biblioteca actual | Ubicación en estantería | Fecha de adquisición | Fuente de adquisición | Total de préstamos | Signatura topográfica completa | Código de barras | Visto por última vez | Precio de reemplazo | Tipo de ítem Koha |
|---|---|---|---|---|---|---|---|---|---|---|---|---|---|---|
| Biblioteca del Ateneo de Madrid | Biblioteca del Ateneo de Madrid | Depósito 2 | 04/02/2014 | E-4178 | 1192613 | 23/02/2023 | 23/02/2023 | Libro impreso |
